| 000 | 00903nam a2200217 a 4500 | ||
|---|---|---|---|
| 005 | 20160822164645.0 | ||
| 008 | 160822b2010 cl abd||r|||| 00| 0 eng d | ||
| 040 |
_aCO-BoIAVH _cCO-BoIAVH |
||
| 041 | 0 | _aeng | |
| 044 | _acl | ||
| 082 | 0 | 4 |
_a304.25 _bE19c |
| 245 | 0 | 0 | _aEconomics of climate change in Latin America and the Caribbean |
| 260 |
_aSantiago, Chile : _bUnited Nations, _c2010. |
||
| 300 |
_a107 páginas : _bilustraciones, gráficas y tablas ; _c27 x 21 cm. |
||
| 504 | _aIncluye referencias bibliográficas. | ||
| 650 | 2 | 6 |
_aCambio climático _xAspectos económcos _y2010 _zAmérica Latina _vResúmenes |
| 650 | 2 | 6 |
_aCambio climático _xAspectos económcos _xtendencias _y2010 _zAmérica Latina _vResúmenes |
| 650 | 2 | 6 |
_aImpacto ambiental _y2010 _zAmérica Latina |
| 710 | 2 | _aComisión Económica para América Latina y el Caribe - Cepal - | |
| 942 |
_2ddc _cLIBRO |
||
| 999 |
_c18977 _d18977 |
||